000 00354nam a2200133Ia 4500
008 231129s1997||||xx |||||||||||||| ||spa||
040 _bspa
082 _a321.8 Ch532b
100 _aChica Giraldo Benhur
245 0 _aLa Busquedad de la Verdad: Mensaje a la Juventud latinoamericana
260 _c1997
264 _aCali (Colombia)
942 _2ddc
_cBKS
999 _c16515
_d16515